Projekt Konštantín - Národný program výchovy a vzdelávania. 1. etapa Strategické záujmy republiky v oblasti výchovy a vzdelávania. Návrh

Bibliographic Details
Format: Article
Language:Slovak
Subjects:

MARC

LEADER 00000nab a2200000 a 4500
001 vtls000529274
003 SK-MaSNL
005 20260426033405.0
008 140302c1994 xo 0 slo
015 |a SNBRB19rr/mm-uuuuu 
035 |a CL0529412 
040 |a SNKBUCL  |b slo  |c SNKBUCL  |e AACR2 
041 0 |a slo 
044 |a xo  |c SK 
080 |a 37.014(437.6)  |2 1981 
245 0 0 |a Projekt Konštantín - Národný program výchovy a vzdelávania. 1. etapa  |b Strategické záujmy republiky v oblasti výchovy a vzdelávania. Návrh 
650 0 7 |a výchova  |2 snkbucl  |9 957 
650 0 7 |a vzdelávanie  |2 snkbucl  |9 4033 
650 0 7 |a Národný program výchovy a vzdelávania v SR  |2 snkbucl  |9 986115 
655 7 |a články z novín a časopisov  |2 snkbucl  |9 267496 
773 0 |t Učiteľské noviny  |g Roč. 44, č. 28 (1994), s. 3-4 
850 |a Slovenská národná knižnica v Martine  |a MTA001 
852 |a SNK  |b KIS3GCP 
958 |a RK 
992 |a RBX 
999 |c 1584721  |d 1586651